| 000 | 00516nam a22001817a 4500 | ||
|---|---|---|---|
| 999 |
_c3053 _d3053 |
||
| 003 | OSt | ||
| 005 | 20181023150342.0 | ||
| 008 | 180912b ||||| |||| 00| 0 eng d | ||
| 040 | _cDLC | ||
| 082 |
_a297 _bQ9T |
||
| 245 |
_aThe True Guidance : _bPart Four/ _cBy Comments On Quranic Verses |
||
| 260 |
_aAustria : _bLight OF Life, _cc1994. |
||
| 300 | _a155 p.: | ||
| 500 | _aIndex (p.272-277) | ||
| 504 | _aIncludes Bibliography (p.269-271) | ||
| 650 |
_aInterfaith Relations _xIslam - Christianity |
||
| 942 |
_2ddc _cBK |
||